| 000 | 00861nam a22002297a 4500 | ||
|---|---|---|---|
| 999 |
_c15797 _d15797 |
||
| 003 | MIRAKIL | ||
| 005 | 20240327151646.0 | ||
| 008 | 240327b tu ||||| |||| 00| 0 tur d | ||
| 020 | _a9789751746283 | ||
| 040 |
_aTR-AnCHP _cTR-AnCHP |
||
| 041 | _atur | ||
| 082 |
_a417.4 _bÇ24i 2020 |
||
| 100 | _aÇakır, Aylin | ||
| 245 | 1 | 0 |
_aİzmir ili Ödemiş-Kiraz-Beydağ ilçeleri ağızları : _b(dil incelemesi-metinler-sözlük) / _cAylin Çakır |
| 260 |
_aAnkara : _bTürk Dil Kurumu Yayınları, _c2020. |
||
| 300 |
_a551 sayfa : _bfotoğraf, harita, tablo ; _c24 cm. |
||
| 490 | 0 |
_aAtatürk Kültür, Dil ve Tarih Yüksek Kurumu Türk Dil Kurumu Yayınları ; _v1354. |
|
| 504 | _aKaynakça: 541-546. sayfa | ||
| 650 | 0 |
_97753 _aAğızlar |
|
| 856 | _zDijital Nüshası için Partimizin Kütüphane Sorumlusu ile iletişime geçiniz. | ||
| 942 |
_2ddc _cBKS |
||